Rappers that died young - Statistics

General Stats
  • This quiz has been taken 45 times
  • The average score is 8 of 16
Answer Stats
Cause of death Famous Song Age Answer % Correct
Gunshot wounds SAD! 20 XXXtentacion
94%
Gunshot wounds Hit 'Em Up 25 Tupac Shakur
89%
Gunshot wounds Juicy 24 Biggie Smalls
86%
Drug Overdose Lucid Dreams 21 Juice Wrld
83%
Gunshot wounds Dior 20 Pop Smoke
77%
AIDS Real Muthaphuckkin G's 30 Eazy-E
63%
Drug overdose Star Shopping 21 Lil Peep
57%
Drug overdose Self Care 26 Mac Miller
51%
Gunshot wounds HOTEL LOBBY 28 Takeoff
51%
Gunshot wounds Double Up 33 Nipsey Hussle
31%
Drug Overdose Type of Way 34 Rich Homie Quan
26%
Gunshot wounds Selfish 30 PnB Rock
23%
Gunshot wounds Put It On 24 Big L
17%
Suicide by jumping Survival Tactics 19 Capital Steez
17%
Heart Failure Twinz 28 Big Pun
14%
Gunshot wounds Slow Moiton 26 Soulja Slim
6%
No matching quizzes found
Score Distribution
Percent of People with Each Score
Percentile by Number Answered
Your Score History
You have not taken this quiz